| 000 | 00536nam a2200205Ia 4500 | ||
|---|---|---|---|
| 003 | GCL | ||
| 008 | 140319s9999 xx 000 0 eng d | ||
| 040 |
_aGCL / _cGCL |
||
| 082 | 0 | 4 |
_aCC _b302.35062 _bP E |
| 100 | 1 | _aPALMER,MANTE | |
| 245 | 1 | 0 |
_aTHE EGYPTIAN BUREAUCRACY / _cPALMER,MANTE |
| 700 | 1 | _aALI, LEILA | |
| 700 | 1 | _aELSAYED, YASSIN | |
| 260 |
_a[S.N] : _bTHE AMERICAN UNIVERSITY IN CAIRO PRESS ، _c1989 |
||
| 300 | _a188 P | ||
| 650 | 0 | 4 | _aBUREAUCRACY |
| 650 | 0 | 4 | _aEGYPT |
| 650 | 0 | 4 | _aPOLICY SCIENCES |
| 942 |
_2ddc _cBK |
||
| 999 |
_c12647 _d12647 |
||